| 000 | 00732nam a2200229Ii 4500 | ||
|---|---|---|---|
| 003 | JO-AjNU | ||
| 005 | 20240113144313.0 | ||
| 008 | 230605s9999||||xx |||||||||||||| ||und|| | ||
| 017 | _a2013/4/1013 | ||
| 040 |
_aJO-AjNU _bara _erda _cJO-AjNU |
||
| 041 | _aara | ||
| 050 | 1 | 4 | _aNC50 2013 |
| 100 | 3 |
_aتأليف الفالح، ندى , _eauthor _949820 |
|
| 245 | 0 | 0 | _aمبادىء الرسم واللون كيف تتعلمها وتعلمها |
| 264 | 3 | 1 | _aعمان:وزارة الثقافة,2013 |
| 300 | _a320ص | ||
| 336 |
_atext _btxt _2rdacontent |
||
| 337 |
_aunmediated _bn _2rdamedia |
||
| 338 |
_avolume _bnc _2rdacarrier |
||
| 650 | 4 |
_aمبادئ الرسم واللون-الرسم-الفنون _949821 |
|
| 942 |
_2lcc _cBK |
||
| 999 |
_c25475 _d25475 |
||